Normal view
MARC view
- Indígenas de México
Entry Materia
001 - NÚMERO DE CONTROL DEL REGISTRO
- campo de control: 16137
003 - IDENTIFICADOR DE NUMERO DE CONTROL
- campo de control: MX-MxUPN
005 - FECHA Y HORA DE LA ÚLTIMA TRANSACCIÓN
- campo de control: 20230926140656.0
008 - DATOS DE LONGITUD FIJA
- campo de control de longitud fija: 230926nn fnnnnbabd a ana |d
035 ## - NÚMERO DE CONTROL DEL SISTEMA
- Número de control del sistema: UPN10000016145
040 ## - FUENTE DE LA CATALOGACIÓN
- Lengua de catalogación: spa
- Centro catalogador de origen: MX-MxUPN
150 ## - ENCABEZAMIENTO - TEMÁTICO
- Término de materia o nombre geográfico como elemento inicial: Indígenas de México
- Subdivisión geográfica: Michoacán
450 ## - VÉASE - MATERIA
- Encabezamiento temático: Indios de México
- Subdivisión geográfica: Michoacán
- Subcampo de control: nno
670 ## - FUENTE EN LA QUE SE LOCALIZARON DATOS
- Cita de la fuente: Escamilla González, G. Lista de encabezamientos de materia, 1978 :
- Información localizada: página 456 (Indios de México - Morelos)
670 ## - FUENTE EN LA QUE SE LOCALIZARON DATOS
- Cita de la fuente: Autoridades BGTQ, 26 septiembre 2023 :
- Información localizada: (Indígenas de México) (Michoacán -- Historia)
902 ## - CATALOGADOR
- Catalogador: JGVM/111096
- Catalogador: VíctorGodínez/260923
